000 00728cam a2200217 a 4500
001 000016356
005 20230519124857.0
008 740726s1956 nyua 001 0 eng d
040 _aDO-SdBNP
_cOClU
_dDLC
_dOCoLC
_dDLC
_dNST
_dDLC
_dBNPHU
040 _aDO-SdBNP
082 _a808.08
_bR286d, 1956
245 0 0 _aReader's digest condensed books :
_bautumn selections.
250 _a5a ed.
260 _aPleasantville, New York :
_bThe Reader's Digst Association,
_c1956.
300 _aII. :
_bil. ;
_c20 cm.
490 1 _aL'evolution de l'humanité
500 _aLa biblioteca posee el volumen 2.
650 4 _aCuentos
_xColecciones
_98799
830 0 _aL'evolution de l'humanité.
_95383
910 _aCatalogación por copia / LC
999 _c15891
_d15891